00886nam a2200205 a 4500008004100000020001500041050002100056100001700077245011700094260008300211300001600294350000900310500002600319650004100345700002100386710004200407995008500449999001700534952012900551060316s1980 ||||||||||||||||| || u a0566021226 aHF 5549.5.T7 Bre aGarratt, Bob10aBreaking down barriers : practice and priorities for international management education /cedited by Bob Garratt aFarnborough, Eng. :bGower for the Association of Teachers of Managementc1980 axvi, 333 p. a0.00 aIncludes bibliography aEXECUTIVES - TRAINING OF- CONGRESSES aStopford, John M aAssociation of Teachers of Management D0.00FCBU-MAIN LIBRARY (Kitwe)H1I21.45UAVAILABLEZAnnex Low-Usage Collection  c36103d36103 00102lcc4070a001b001cAnnex Low-Usage Collection d2022-11-30l0oHF 5549.5.T7 Brep005386r2022-11-30w2022-11-30y002